| 000 | 00481nab a2200145Ia 4500 | ||
|---|---|---|---|
| 003 | ES-SlBCS | ||
| 005 | 20210601125549.0 | ||
| 008 | 140529s1991 xxu||||| |||| 00| 0 eng d | ||
| 041 | _aeng | ||
| 100 | 1 |
_aCascardi, Anthony J. _951031 |
|
| 245 | 0 | 0 |
_aAesthetic Liberalism: Kant and the Ethics of Modernity _c Anthony J. Cascardi |
| 650 | 0 | 4 |
_aLiberalismo Estético _9160423 |
| 773 | 0 |
_tRevue Internationale de Philosophie _gvol. 45, nº. 176, 1991, págs. 10-23 _wRev889 |
|
| 942 | _cAR | ||
| 999 |
_c532340 _d532340 |
||